UM Logo

Personal development : (Record no. 1486)

MARC details
000 -LEADER
fixed length control field 00773nam a22002297a 4500
008 - FIXED-LENGTH DATA ELEMENTS--GENERAL INFORMATION
fixed length control field 160401b xxu||||| |||| 00| 0 eng d
020 ## - INTERNATIONAL STANDARD BOOK NUMBER
International Standard Book Number 978-1-11996264-9 (pbk.)
082 ## - DEWEY DECIMAL CLASSIFICATION NUMBER
Edition number 2012
Classification number DC 158.1
Item number P43
245 ## - TITLE STATEMENT
Title Personal development :
Remainder of title all-in-one for dummies/
Statement of responsibility, etc. Rhena Branch [and five others]; edited by Gillian Burn
250 ## - EDITION STATEMENT
Edition statement 2nd Edition
260 ## - PUBLICATION, DISTRIBUTION, ETC. (IMPRINT)
Place of publication, distribution, etc. West Sussex :
Name of publisher, distributor, etc. John Wiley & Sons,
Date of publication, distribution, etc. c2012.
300 ## - PHYSICAL DESCRIPTION
Extent xvi, 604 pages :
Other physical details illustrations ;
Dimensions 24 cm.
500 ## - GENERAL NOTE
General note Includes index.
650 #0 - SUBJECT ADDED ENTRY--TOPICAL TERM
9 (RLIN) 4536
Topical term or geographic name as entry element Self-actualization (Psychology).
700 ## - ADDED ENTRY--PERSONAL NAME
9 (RLIN) 4538
Personal name Burton, Kate
700 ## - ADDED ENTRY--PERSONAL NAME
9 (RLIN) 4539
Personal name Mumford, Jeni
700 ## - ADDED ENTRY--PERSONAL NAME
9 (RLIN) 4540
Personal name Platts, Brinley
700 ## - ADDED ENTRY--PERSONAL NAME
9 (RLIN) 4541
Personal name Ready, Romilla
700 ## - ADDED ENTRY--PERSONAL NAME
9 (RLIN) 4542
Personal name Wilson, Rob
365 ## - TRADE PRICE
Price amount 2,078.86
Currency code Php
942 ## - ADDED ENTRY ELEMENTS (KOHA)
Source of classification or shelving scheme Dewey Decimal Classification
Koha item type Circulation
Holdings
Withdrawn status Lost status Source of classification or shelving scheme Damaged status Not for loan Collection code Home library Current library Shelving location Date acquired Source of acquisition Total Checkouts Full call number Barcode Date last seen Date last checked out Copy number Cost, replacement price Price effective from Koha item type
    Dewey Decimal Classification     Circulation UM Digos College - LIC UM Digos College - LIC Book Cart 09/25/2014 Purchased 3 DC 158.1 P43 2012 22420 05/15/2025 04/30/2019 1 2078.86 04/01/2016 Circulation